Hunterdon medical centre / (Record no. 125751)
[ view plain ]
| 000 -LEADER | |
|---|---|
| fixed length control field | 00631nam a22002417a 4500 |
| 005 - DATE AND TIME OF LATEST TRANSACTION | |
| control field | 20170124105959.0 |
| 010 ## - LIBRARY OF CONGRESS CONTROL NUMBER | |
| LC control number | 681833 |
| 020 ## - INTERNATIONAL STANDARD BOOK NUMBER | |
| Terms of availability | 00.00 |
| 035 ## - SYSTEM CONTROL NUMBER | |
| System control number | 681833 |
| 037 ## - SOURCE OF ACQUISITION | |
| Source of stock number/acquisition | Cen Lib/Ret |
| 040 ## - CATALOGING SOURCE | |
| Original cataloging agency | DPL |
| Language of cataloging | EN |
| 082 ## - DEWEY DECIMAL CLASSIFICATION NUMBER | |
| Classification number | 362 |
| Item number | TRU |
| 100 ## - MAIN ENTRY--PERSONAL NAME | |
| Personal name | Trussell, Ray E. |
| 9 (RLIN) | 15390 |
| 245 ## - TITLE STATEMENT | |
| Title | Hunterdon medical centre / |
| Statement of responsibility, etc | by Ray E. Trussell |
| 246 ## - VARYING FORM OF TITLE | |
| Remainder of title | |
| 260 ## - PUBLICATION, DISTRIBUTION, ETC. (IMPRINT) | |
| Name of publisher, distributor, etc | Commonwealth fund |
| Date of publication, distribution, etc | 1956 |
| Place of publication, distribution, etc | Cambridge |
| 270 ## - ADDRESS | |
| City | Cambridge |
| 300 ## - PHYSICAL DESCRIPTION | |
| Extent | ix,235p. : |
| Dimensions | 19cm(Hb) |
| 500 ## - GENERAL NOTE | |
| General note | Includes index |
| 650 ## - SUBJECT ADDED ENTRY--TOPICAL TERM | |
| Topical term or geographic name as entry element | Medical centre |
| 9 (RLIN) | 15391 |
| 650 ## - SUBJECT ADDED ENTRY--TOPICAL TERM | |
| Topical term or geographic name as entry element | Medical care |
| 9 (RLIN) | 15392 |
| 942 ## - ADDED ENTRY ELEMENTS (KOHA) | |
| Source of classification or shelving scheme | Dewey Decimal Classification |
| Koha item type | English Books |
| Classification part | 362 |
| Call number suffix | TRU |
| Withdrawn status | Lost status | Source of classification or shelving scheme | Damaged status | Not for loan | Collection code | Home library | Current library | Date acquired | Source of acquisition | Cost, normal purchase price | Total Checkouts | Full call number | Barcode | Date last seen | Copy number | Cost, replacement price | Price effective from | Koha item type | Public note |
|---|---|---|---|---|---|---|---|---|---|---|---|---|---|---|---|---|---|---|---|
| Written off | Dewey Decimal Classification | Non-fiction | Central Library | Central Library | 23/06/2015 | Cen Lib/Ret | 0.00 | 362 TRU | 681833 | 23/06/2015 | 1 | 0.00 | 23/06/2015 | English Books | W/d List No. 6863/6 ; dtd 06/08/2020 |
